Razvitije techniki vysokočastotnogo nagreva /

Uložené v:
Podrobná bibliografia
Hlavný autor: Rudenko, D. I. (Author)
Médium: Kniha
Jazyk:Russian
Vydané: Moskva : Mašgiz, 1954.
Vydanie:1. izd.
ISBN: (brož.)
Fyzický popis: 40 s.
Tagy: Pridať tag
Žiadne tagy, Buďte prvý kto otaguje tento záznam!

MARC

LEADER 00000nam a2200000 a 4500
001 000150708
005 20100831174206.0
008 040101s1954 ru e rus d
020 |a (brož.)  |c Kčs 1,10 
040 |a SVKKK  |b slo  |c SVKKK  |e AACR2 
041 0 |a rus 
044 |a ru  |c RU 
100 1 |a Rudenko, D. I.  |4 aut 
245 1 0 |a Razvitije techniki vysokočastotnogo nagreva /  |c D. I. Rudenko. 
250 |a 1. izd. 
260 |a Moskva :  |b Mašgiz,  |c 1954. 
300 |a 40 s. 
910 |a svkkk 
998 |a BK 
090 |g SCKHL  |k Sklad Pribinova 2. posch.  |a III.14114  |j 78893  |i 150708-10  |4 Zastaraná  |s Vyradená